| 000 | 01337cam a2200169 4500500 | ||
|---|---|---|---|
| 005 | 20260329064640.0 | ||
| 041 | _afre | ||
| 042 | _adc | ||
| 100 | 1 | 0 |
_aLubart, Todd _eauthor |
| 700 | 1 | 0 |
_aMouchiroud, Christophe _eauthor |
| 700 | 1 | 0 |
_aTordjman, Sylvie _eauthor |
| 700 | 1 | 0 |
_aZenasni, Franck _eauthor |
| 245 | 0 | 0 | _aPsychologie de la créativité |
| 260 |
_bArmand Colin,
_c2015. |
||
| 520 | _aPièce centrale encore méconnue du fonctionnement humain, la créativité est sollicitée sitôt qu’il s’agit, dans la vie personnelle et professionnelle, de résoudre de nouveaux problèmes ou de s’adapter à l’environnement ; elle est un moteur essentiel de la croissance culturelle et économique, et nos sociétés la valorisent de plus en plus. Mais qu’en est-il de sa compréhension ? La psychologie s’est intéressée à la créativité avec des éclairages différents. Cet ouvrage apporte une synthèse de la littérature scientifique et offre des pistes de réflexion concernant l’Homo creativus. Il développe notamment une conception multivariée selon laquelle la créativité dépend d’une combinaison interactive de facteurs cognitifs, conatifs, émotionnels et environnementaux. | ||
| 856 | 4 | 1 | _uhttps://shs.cairn.info/psychologie-de-la-creativite--9782200611620?lang=fr&redirect-ssocas=7080 |
| 999 |
_c2016437 _d2016437 |
||